000 00623nam a22002177a 4500
005 20220516092522.0
008 220516b ||||| |||| 00| 0 eng d
040 _cAloy
041 _aeng
082 _223
_a921
_bSASA
100 _aYadavalli Sivarama Sastri
_937104
245 _aAs I look back
260 _aHyderabad:
_bYadavalli Sivarama Sastri,
_c2001.
300 _ax,273p.
_bPB
_c20x13cm.
365 _2Autobiography
520 _aSenior Advocate and freedom fighter
650 _aAutobiography
_937098
650 _aFreedom Fighter
_937099
700 _aSASTRI (Yadavalli Sivarama)
_937100
942 _2ddc
_cGF
999 _c222931
_d222931